Catalog

Record Details

Catalog Search



Bookmarks : a manual for combating hate speech online through human rights education  Cover Image Book Book

Bookmarks : a manual for combating hate speech online through human rights education / written and edited by Ellie Keen, Mara Georgescu

Keen, Ellie (Author). Georgescu, Mara (Author). Europarat (Added Author).

Record details

  • ISBN: 9789287182012
  • Physical Description: 191 stran
  • Publisher: Strasbourg : Council of Europe Publ., 2016

Available copies

  • 1 of 1 copy available at Common Catalog SPOK.

Holds

  • 0 current holds with 1 total copy.
Show Only Available Copies
Location Call Number / Copy Notes Barcode Shelving Location Status Due Date
Terezin Initiative Institute 6795 4594306795 Knihovna ITI Available -

LDR 01280nam a2200289 a 4500
00148424
003CZ-PrJAB
00520221109102518.0
008140410s2016 fr 000 0 eng d
020 . ‡a9789287182012
035 . ‡a(CZ-PrJAB)31753
040 . ‡aGBVCP ‡bger ‡cGBVCP ‡dABH006 ‡erda
0410 . ‡aeng
1001 . ‡aKeen, Ellie ‡4aut
24510. ‡aBookmarks : ‡ba manual for combating hate speech online through human rights education / ‡cwritten and edited by Ellie Keen, Mara Georgescu
264 1. ‡aStrasbourg : ‡bCouncil of Europe Publ., ‡c2016
300 . ‡a191 stran
336 . ‡atext ‡btxt ‡2rdacontent
337 . ‡abez média ‡bn ‡2rdamedia
338 . ‡asvazek ‡bnc ‡2rdacarrier
7001 . ‡aGeorgescu, Mara ‡4aut
7102 . ‡aEuroparat
6530 . ‡alidská práva ‡avzdělávání ‡arasismus ‡aRada Evropy
910 . ‡aABH006
910 . ‡aABE340 ‡b6795
995 . ‡aska
901 . ‡a48424 ‡bCZ-PrJAB ‡c48424 ‡tbiblio

Additional Resources